000 00670nam a2200193 4500
001 125871
003 ES-MaACL
005 20250913153959.0
007 t|
008 070214s1970 sp r ||||1| spa d
100 1 _aRaymond
_cFather (O.C.S.O.)
_995636
245 1 0 _aHabla la aguja silenciosa /
_cRev. M. Raymond O.C.S.O. ; traducción de Felipe Ximénez de Sandoval ; revisión de Javier de Abarzuza.
260 _aMadrid :
_bStudium,
_c1970.
300 _a220 p. ;
_c19 cm.
700 1 _aXiménez de Sandoval, Felipe,
_d1903-1978
_9117510
700 0 _aJavier de Abárzuza,
_d1903-1980
_917972
852 _aES-MaACL
_jC-51027
_bR.72588
999 _c125871
_d125871